000 01527nam a22002657a 4500
001 2162214035926704
003 UA-OsUOA
005 20260415113121.0
008 260415b -uk||||| |||| 00| f eng d
020 _a9780140430707
040 _aUA-OsUOA
_beng
_cUA-OsUOA
_dUA-OsUOA
041 _aeng
080 _a821.111(73)
090 _a821.111(73)
_bM52
100 _aMelville H.
_924966
245 _aTypee
_bA Peep at Polynesian Life
_cEdited with an Introdaction and Notes by George Woodcock
260 _aLondon
_bPenguin Classics
_c1972
300 _a368 p.
490 _aPenguin Classics
520 _aTypee (1846) is the first 'romance' of the semi-autobiographical account of life in the Marquesas Islands in the 1840s. A blend of personal experience and the narratives of explorers and missionaries, it influenced many later writers on the Paciflc, including Robert Louis Stevenson and Jack London. Melville himself deserted from a whaling ship in the islands and lived for four weeks among the inhabitants, observing and recording their way of life. Typee points up the wonders, the dilemmas, the 'fatal impact' of European encounter with the peoples of the Pacific. This edition offers an introduction that considers the book from a post-colonial perspective, and detailed annotation of Melville's allusions.
650 _2UDC
_a821 Художня література окремими мовами і мовними сім'ями
_917
700 1 _aWoodcock G.
_924967
942 _2udc
_cBK
955 _a3
999 _c580410
_d580410